000 00317 a2200145 4500
001 154880
040 _cEscola São Tomás de Aquino
100 _aLUZ, Antônio Máximo da
240 1 0 _aCurso de Física
_lpor
245 1 0 _aCurso de Física
300 _a336
362 0 _a2005
697 _aFÍSICA
942 _cBK
999 _c154880
_d154880